Music Quiz

Random Music or Bands Quiz

Songs Missing 'Hokey Pokey' Words Quiz Stats

 Plays Quiz Updated Mar 31, 2019

Score 0/40 Timer 05:00
7 Plays Today
Question Answer Wrong Answers
____ It Off
Taylor Swift (2014)
Shake
95.6%
In
0.2%
Out
0.2%
About
0.2%
You've Got A Friend ____ Me
Randy Newman (1996)
In
95.5%
Out
0.1%
Shake
0.1%
About
0.3%
Time Is Running ____
Muse (2003)
Out
95.4%
In
0.2%
Shake
0.1%
About
0.1%
What ____ Us
Pink (2017)
About
95.2%
In
0.3%
Out
0.5%
Shake
0.2%
Let's Talk ____ Sex
Salt-N-Pepa (1991)
About
95.1%
In
0.1%
Out
0.4%
Shake
0.2%
Why Do Fools Fall ____ Love?
Frankie Lymon & the Teenagers (1956)
In
95.1%
Out
0.6%
Shake
0.1%
About
0.1%
Man ____ Black
Johnny Cash (1971)
In
95%
Out
0.2%
Shake
0.1%
About
0.4%
Don't You (Forget ____ Me)
Simple Minds (1985)
About
95%
In
0.2%
Out
0.6%
Shake
0.1%
____, Rattle And Roll
Big Joe Turner (1954)
Shake
94.9%
In
0.3%
Out
0.3%
About
0.3%
I Hate Everything ____ You
Three Days Grace (2003)
About
94.9%
In
0.5%
Out
0.4%
Shake
0.1%
Friends ____ Low Places
Garth Brooks (1990)
In
94.9%
Out
0.2%
Shake
0.2%
About
0.4%
Mad ____ You
Belinda Carlisle (1986)
About
94.9%
In
0.3%
Out
0.5%
Shake
0.2%
School's ____
Alice Cooper (1972)
Out
94.7%
In
0.6%
Shake
0.2%
About
0.2%
Thinking ____ Loud
Ed Sheeran (2014)
Out
94.6%
In
0.2%
Shake
0%
About
0.9%
A Day ____ The Life
The Beatles (1967)
In
94.5%
Out
0.3%
Shake
0.1%
About
0.9%
____ Me Down
Cage the Elephant (2010)
Shake
94.5%
In
0.4%
Out
0.3%
About
0.4%
Something To Talk ____
Bonnie Raitt (1991)
About
94.4%
In
0.1%
Out
1.3%
Shake
0.1%
All ____ That Bass
Meghan Trainor (2014)
About
94.2%
In
0.9%
Out
0.5%
Shake
0.2%
(____, ____, ____) ____ Your Booty
KC & The Sunshine Band (1976)
Shake
94.1%
In
1.1%
Out
0.3%
About
0.3%
____ Of My Mind
Duran Duran (1997)
Out
94%
In
0.9%
Shake
0.4%
About
0.5%
____ Of Time
Blur (2002)
Out
94%
In
0.6%
Shake
0.4%
About
0.9%
____ A Girl
Nirvana (1989/1994)
About
93.7%
In
0.8%
Out
0.3%
Shake
0.8%
____ Your Sillies Out
The Wiggles (1994)
Shake
93.7%
In
0.9%
Out
0.6%
About
0.6%
____ The Air Tonight
Phil Collins (1981)
In
93.6%
Out
0.5%
Shake
0.7%
About
0.9%
____ Me, Wake Me (When It's Over)
Four Tops (1966)
Shake
93%
In
0.8%
Out
0.3%
About
1.9%
Harlem ____
Baauer (2012)
Shake
92.8%
In
1%
Out
1.8%
About
0.4%
You're The Best Thing ____ Me
U2 (2017)
About
91.2%
In
4.3%
Out
0.2%
Shake
0.1%
Found ____ About You
Gin Blossoms (1989)
Out
90.1%
In
0.6%
Shake
0.1%
About
4.9%
____ Da Club
50 Cent (2003)
In
90.1%
Out
1.3%
Shake
3.1%
About
1.4%
____ Your Eyes
Peter Gabriel (1986)
In
88.4%
Out
0.3%
Shake
1.3%
About
5.7%
____ Your Groove Thing
Peaches & Herb (1978)
Shake
88.2%
In
3.7%
Out
0.4%
About
3.6%
Get ____
Chvrches (2018)
Out
87.6%
In
7.1%
Shake
0.1%
About
0.8%
____ My Place
Coldplay (2002)
In
86.4%
Out
2%
Shake
1%
About
6.5%
Hippy Hippy ____
Chan Romero (1959)
Shake
86.3%
In
1.3%
Out
6.3%
About
1.9%
Take Me ____
Franz Ferdinand (2004)
Out
85.9%
In
9.5%
Shake
0.1%
About
0.2%
Crazy ____ Love
Beyoncé (2003)
In
82.2%
Out
0.2%
Shake
0.1%
About
13.5%
For Those ____ To Rock (We Salute You)
AC/DC (1982)
About
80.7%
In
6.5%
Out
7.9%
Shake
0.7%
Shake It ____
Florence + the Machine (2011)
Out
80.7%
In
0.5%
Shake
1.5%
About
13.1%
Boom! ____ The Room
DJ Jazzy Jeff & the Fresh Prince (1993)
Shake
64.9%
In
23.8%
Out
4.7%
About
2.5%
Up ____ My Face
Mariah Carey (2010)
Out
3.4%
In
90.9%
Shake
0.2%
About
1.7%

You're not logged in!

Compare scores with friends on all Sporcle quizzes.
OR
Log In

Sporcle TV

Today on Sporcle TV


Watch our educational content, quiz creation guides, and fun videos on Sporcle TV.

Show Comments

Extras

Top Quizzes Today


Score Distribution

Your Account Isn't Verified!

In order to create a playlist on Sporcle, you need to verify the email address you used during registration. Go to your Sporcle Settings to finish the process.

Report this User

Report this user for behavior that violates our Community Guidelines.

Details: